000 nam a22 7a 4500
999 _c8062
_d8062
008 171125b xxu||||| |||| 00| 0 eng d
100 _aBhatnagar.R.
_94511
245 _aExpression In Craft
260 _aNew Delhi
_bNavdeep
_c2008